| 000 | 00700nam a2200253 a 4500 | ||
|---|---|---|---|
| 001 | 41465 | ||
| 003 | BD-RjUL | ||
| 005 | 20211209053407.0 | ||
| 008 | 160531s1966 nyuabc b 000 0 eng | ||
| 035 | _a(BD-RjUL)41583 | ||
| 040 |
_aDLC _cDLC _dDLC _dBD-RjUL _beng |
||
| 041 | _aeng | ||
| 082 | 0 | 0 |
_a320 _bRAG 1966 |
| 100 | 1 |
_aRanney, Austin. _9125433 |
|
| 245 | 1 | 4 |
_aThe governing of men / _cAustin Ranney, |
| 250 | _aRev. ed. | ||
| 260 |
_aNew York : _bHolt, Rinehart and Winston, _cc1966 |
||
| 300 |
_ax, 678 p. : _bill. ; _c24 cm. |
||
| 504 | _aIncludes index | ||
| 504 | _aBibliography: p. 634-661. | ||
| 650 | 0 |
_aPolitical science. _9127455 |
|
| 942 |
_2ddc _cBK |
||
| 999 |
_c41465 _d41465 |
||